000 01544nam a2200361 a 4500
001 0000375
003 DO-SdBNP
005 20180309130228.0
007 0000375
008 150817s2012 ac 000 spa d
020 _a9789945116267
040 _aBPMSU
_bspa
_cBPMSU
092 _a372.61
_bI37e, 5to. 2012
100 _aIncháustegui, María Isabel
245 1 0 _aEspañol 5 /
_beducación básica
_cMaría Isabel Incháustegui ; ilustración Ruddy Núñez ; dirección editorial Obdulia García de Escobar
260 _aSanto Domingo :
_bSantillana,
_c2012.
300 _av. :
_bil. retrs.
_c30 cm.
490 1 _aInnova
500 _aIncluye libro de texto y guía, recursos didácticos para el profesorado.
505 1 _tEl último viaje del Discovery --
_tEntre el sueño y la realidad --
_tLos jardines chinos: un arte milenario --
_tMerenguero hasta la tambora --
_tYo reciclo --
_tExplorar y crear mundos imaginarios --
_tEquidad para la infancia --
_tLa función debe continuar --
_tAmo y protejo los animales --
_tJóvenes por la paz --
650 _aGRAMÁTICA
_xENSEÑANZA BÁSICA
650 _aGRAMÁTICA
_xEDUCACIÓN PRIMARIA
650 _aEDUCACIÓN PRIMARIA
_zREPÚBLICA DOMINICANA
650 _aGRAMÁTICA
_xLIBROS DE TEXTO
650 _aGRAMÁTICA
_xESTUDIOS Y EJERCICIOS
700 1 _aNúñez, Ruddy
_eil.
700 1 _aGarcía de Escobar, Obdulia
_edir. ed.
830 0 _pInnova
910 _a00144
942 _2ddc
_cBK
945 _aRemanejado para la BNPHU / 2018 BT
956 _aYngrid Lockward
_b10
999 _c10016
_d10016